[Event "3rd Tungsram it"]
[Site "Budapest HUN"]
[Date "1977.07.29"]
[Round "1"]
[White "Blackstock, Leslie Steven Fraser"]
[Black "Filip, Miroslav"]
[Result "0-1"]
[WhiteElo "2410"]
[BlackElo "2500"]
[EventDate "1977.07.29"]
[PlyCount "120"]

1.e4 g6 2.d4 Bg7 3.Nf3 d6 4.Be2 e6 5.Nc3 Nd7 6.Be3 a6 7.a4 b6 8.O-O Bb7 9.
h3 Ngf6 10.e5 dxe5 11.Nxe5 O-O 12.Nd3 Qc8 13.Bf3 Rd8 14.Qe2 c5 15.dxc5 
bxc5 16.Rad1 c4 17.Ne5 Nd5 18.Bxd5 Nxe5 19.Bxb7 Qxb7 20.Bc1 Qc6 21.Qe4 f5 
22.Qe2 Nf7 23.Rfe1 Bxc3 24.bxc3 e5 25.a5 Kg7 26.Be3 Rxd1 27.Rxd1 Rd8 28.
Rxd8 Nxd8 29.Bb6 Nf7 30.f3 Kf6 31.Qd2 Qd6 32.Qe2 Qc6 33.Kh2 f4 34.Qd2 g5 
35.Qe2 Qd5 36.Bf2 Nd6 37.Bb6 Kf5 38.Kh1 h5 39.Kg1 Kg6 40.Kh1 e4 41.fxe4 
Qxe4 42.Qd1 Qe6 43.Qf3 Qe1+ 44.Kh2 Qe4 45.Qd1 Qe6 46.Qf3 Ne4 47.Bd4 Kh6 
48.Bb6 Nf6 49.Bd4 Nd5 50.Qf1 Ne3 51.Qf3 Qd5 52.Qe2 Qe4 53.Bxe3 fxe3 54.Kg1
g4 55.hxg4 hxg4 56.Kh2 Qf4+ 57.Kg1 g3 58.Qd1 Qf2+ 59.Kh1 Qd2 60.Qf1 Kg5 
0-1

[Event "3rd Tungsram it"]
[Site "Budapest HUN"]
[Date "1977.07.29"]
[Round "1"]
[White "Csom, Istvan"]
[Black "Castro Rojas, Oscar Humberto"]
[Result "1-0"]
[WhiteElo "2535"]
[BlackElo "2410"]
[EventDate "1977.07.29"]
[PlyCount "72"]

1.c4 Nf6 2.Nc3 d5 3.cxd5 Nxd5 4.g3 e5 5.Bg2 Be6 6.Nf3 Nc6 7.O-O Nb6 8.d3 
Be7 9.a4 a5 10.Be3 Nd5 11.Nxd5 Bxd5 12.Rc1 O-O 13.Nd2 Nb4 14.Bxd5 Nxd5 15.
Nc4 Re8 16.Qb3 Bb4 17.Rc2 Ra6 18.Bc1 Qd7 19.Rd1 Qh3 20.d4 Nf6 21.Nxe5 Rxe5
22.dxe5 Ng4 23.Rd8+ Bf8 24.Qf3 Qxh2+ 25.Kf1 Nxe5 26.Qg2 Qh5 27.Rxc7 Nc6 
28.Rd5 Qg6 29.Qf3 Ne7 30.Rd8 Nc6 31.Re8 Nd4 32.Qxb7 Re6 33.Rxf8+ Kxf8 34.
Rc8+ Re8 35.Rxe8+ Kxe8 36.Qa8+ 1-0

[Event "3rd Tungsram it"]
[Site "Budapest HUN"]
[Date "1977.07.29"]
[Round "1"]
[White "Bronstein, David"]
[Black "Rajna, Gyorgy"]
[Result "1-0"]
[WhiteElo "2560"]
[BlackElo "2395"]
[EventDate "1977.07.29"]
[PlyCount "77"]

1.e4 e5 2.Nf3 Nc6 3.Bb5 a6 4.Ba4 Nf6 5.d4 exd4 6.O-O Be7 7.Re1 O-O 8.e5 
Nd5 9.Nxd4 Nxd4 10.Qxd4 Nb6 11.Bb3 c5 12.Qe4 d5 13.exd6 Bxd6 14.Bf4 Bxf4 
15.Qxf4 Qf6 16.Qxf6 gxf6 17.Na3 Bd7 18.Rad1 Rfe8 19.f3 Rxe1+ 20.Rxe1 Bb5 
21.c4 Re8 22.Rxe8+ Bxe8 23.Bc2 Na4 24.Bxa4 Bxa4 25.Kf2 Kf8 26.Ke3 Ke7 27.
Nb1 Bc6 28.Nc3 b5 29.Ne4 Bxe4 30.fxe4 Ke6 31.Kf4 bxc4 32.g4 a5 33.a4 h6 
34.h3 f5 35.gxf5+ Kd6 36.f6 Ke6 37.e5 Kd5 38.Kf5 h5 39.h4 1-0

[Event "3rd Tungsram it"]
[Site "Budapest HUN"]
[Date "1977.07.29"]
[Round "1"]
[White "Lukacs, Peter"]
[Black "Sax, Gyula"]
[Result "1/2-1/2"]
[WhiteElo "2450"]
[BlackElo "2565"]
[EventDate "1977.07.29"]
[PlyCount "80"]

1.d4 Nf6 2.c4 g6 3.Nc3 d5 4.Nf3 Bg7 5.Bf4 O-O 6.e3 c5 7.dxc5 Qa5 8.Rc1 Rd8
9.Qa4 Qxc5 10.b4 Qc6 11.b5 Qc5 12.Qb3 Bg4 13.Na4 Qc8 14.Be2 Ne4 15.Rc2 e5 
16.cxd5 Qf5 17.Bg3 Nxg3 18.hxg3 e4 19.Nd4 Bxd4 20.Bxg4 Qxg4 21.exd4 Nd7 
22.O-O Nf6 23.Rc7 Rxd5 24.Rxb7 Rf8 25.Qd1 Qg5 26.Nc3 Rf5 27.Re7 Rd8 28.
Nxe4 Nxe4 29.Rxe4 Rxb5 30.Qe2 Ra5 31.Rb1 Qd5 32.Re8+ Kg7 33.Rxd8 Qxd8 34.
Rd1 Qd5 35.Rd2 Ra4 36.Qe5+ Qxe5 37.dxe5 g5 38.f3 Kf8 39.Kf2 Ke7 40.Ke3 
1/2-1/2

[Event "3rd Tungsram it"]
[Site "Budapest HUN"]
[Date "1977.07.29"]
[Round "1"]
[White "Knaak, Rainer"]
[Black "Pinter, Jozsef"]
[Result "1/2-1/2"]
[WhiteElo "2500"]
[BlackElo "2445"]
[EventDate "1977.07.29"]
[PlyCount "72"]

1.d4 Nf6 2.c4 e6 3.Nc3 c5 4.d5 exd5 5.cxd5 g6 6.e4 d6 7.Bd3 Bg7 8.Nge2 O-O
9.O-O b6 10.a4 Ba6 11.Nb5 Ne8 12.Ra3 Bc8 13.h3 Nd7 14.f4 a6 15.Nbc3 Rb8 
16.Bc4 Nc7 17.Rb3 b5 18.axb5 axb5 19.Nxb5 Nb6 20.Na3 Bd7 21.Rbf3 Nxc4 22.
Nxc4 Rb4 23.b3 Bb5 24.Qc2 f5 25.Ba3 fxe4 26.Qxe4 Re8 27.Qc2 Nxd5 28.Qd2 
Bc6 29.Bxb4 Nxb4 30.Re3 d5 31.Ne5 Bb5 32.Rf2 d4 33.Ref3 Nd5 34.b4 Nxb4 35.
Ra3 Re7 36.Qd1 Qd5 1/2-1/2

[Event "3rd Tungsram it"]
[Site "Budapest HUN"]
[Date "1977.07.29"]
[Round "1"]
[White "Ostojic, Predrag"]
[Black "Gipslis, Aivars"]
[Result "1/2-1/2"]
[WhiteElo "2480"]
[BlackElo "2535"]
[EventDate "1977.07.29"]
[PlyCount "74"]

1.e4 Nf6 2.e5 Nd5 3.d4 d6 4.Nf3 g6 5.Bc4 Nb6 6.Bb3 d5 7.h3 Bg7 8.O-O O-O 
9.c3 a5 10.a4 Na6 11.Bc2 f6 12.exf6 exf6 13.Re1 Re8 14.Rxe8+ Qxe8 15.Bf4 
Be6 16.h4 c6 17.Nbd2 Nd7 18.Nf1 Nf8 19.Qd2 Qd7 20.b4 axb4 21.cxb4 Bf7 22.
Rb1 Ne6 23.Bh2 h5 24.b5 cxb5 25.Rxb5 Qc6 26.Ne3 Nac7 27.Rb1 b5 28.Rc1 Qd7 
29.axb5 Nxb5 30.Bb3 Nec7 31.Qc2 Ra3 32.Ba4 Qe6 33.Bxc7 Nxc7 34.Qxc7 Rxa4 
35.Rc6 Qe4 36.Rb6 Ra8 37.Nf1 Qe8 1/2-1/2

[Event "3rd Tungsram it"]
[Site "Budapest HUN"]
[Date "1977.07.30"]
[Round "2"]
[White "Filip, Miroslav"]
[Black "Castro Rojas, Oscar Humberto"]
[Result "1/2-1/2"]
[WhiteElo "2500"]
[BlackElo "2410"]
[EventDate "1977.07.29"]
[PlyCount "71"]

1.d4 f5 2.g3 Nf6 3.Bg2 e6 4.Nf3 d5 5.O-O Bd6 6.c4 c6 7.b3 Qe7 8.Bb2 Nbd7 
9.Nbd2 O-O 10.Ne5 Bxe5 11.dxe5 Ng4 12.Nf3 f4 13.Qc1 fxg3 14.hxg3 Qe8 15.
Qg5 Nh6 16.Nh4 Nf5 17.Nxf5 Rxf5 18.Qe3 Nf8 19.f4 Ng6 20.Qd4 Rf7 21.e4 dxe4
22.Qxe4 c5 23.Rad1 Rb8 24.Rd6 b6 25.Bh3 Re7 26.Qc6 Bb7 27.Qxe8+ Rbxe8 28.
Kf2 Nh8 29.Rfd1 Nf7 30.Rd7 Bc8 31.R7d2 h5 32.g4 Rf8 33.Ke3 g5 34.Rf2 hxg4 
35.Bxg4 Nh6 36.Rg1 1/2-1/2

[Event "3rd Tungsram it"]
[Site "Budapest HUN"]
[Date "1977.07.30"]
[Round "2"]
[White "Rajna, Gyorgy"]
[Black "Lukacs, Peter"]
[Result "1-0"]
[WhiteElo "2395"]
[BlackElo "2450"]
[EventDate "1977.07.29"]
[PlyCount "69"]

1.e4 e5 2.f4 exf4 3.Bc4 Nf6 4.Nc3 c6 5.Bb3 d5 6.exd5 Bd6 7.Qe2+ Be7 8.Nf3 
O-O 9.O-O Bd6 10.d4 Bg4 11.Qd3 Nbd7 12.dxc6 bxc6 13.Ng5 Qc7 14.Nce4 Nxe4 
15.Nxe4 Bf5 16.Nf6+ Nxf6 17.Qxf5 c5 18.Bxf4 c4 19.Ba4 Qb6 20.Rad1 Bxf4 21.
Rxf4 Qxb2 22.d5 Qxa2 23.Bb5 Rac8 24.d6 Qa5 25.d7 Qb6+ 26.Kh1 Rb8 27.Bxc4 
Rfd8 28.Rfd4 Rb7 29.Bb3 Qb5 30.Qf3 h5 31.Ba4 Qb6 32.Rd6 Qb4 33.h3 Rc7 34.
Rxf6 Rc3 35.Rf4 1-0

[Event "3rd Tungsram it"]
[Site "Budapest HUN"]
[Date "1977.07.30"]
[Round "2"]
[White "Pinter, Jozsef"]
[Black "Ornstein, Axel"]
[Result "1-0"]
[WhiteElo "2445"]
[BlackElo "2440"]
[EventDate "1977.07.29"]
[PlyCount "82"]

1.e4 e6 2.d4 d5 3.e5 c5 4.c3 Qb6 5.Nf3 Bd7 6.Be2 Bb5 7.c4 Bxc4 8.Bxc4 Qb4+
9.Nbd2 dxc4 10.a3 Qb5 11.Qe2 cxd4 12.Nxd4 Qd5 13.N4f3 Nd7 14.Nxc4 Rc8 15.
Ne3 Qe4 16.b4 Nxe5 17.Nxe5 Qxe5 18.Bb2 Qe4 19.O-O Ne7 20.Rac1 a6 21.f3 Qf4
22.Nd5 Qd6 23.Nxe7 Rxc1 24.Rxc1 Bxe7 25.Bxg7 Rg8 26.Be5 Qd5 27.Rd1 Qb3 28.
Rc1 Qd5 29.Rc8+ Bd8 30.h3 Ke7 31.Kh1 f6 32.Bb2 Rg7 33.Rc1 Bb6 34.a4 e5 35.
Rd1 Qc6 36.b5 axb5 37.axb5 Qc5 38.Qd3 Ke8 39.Qf5 Rg6 40.Ba3 Qf2 41.Qe6# 
1-0

[Event "3rd Tungsram it"]
[Site "Budapest HUN"]
[Date "1977.07.30"]
[Round "2"]
[White "Sax, Gyula"]
[Black "Ree, Hans"]
[Result "1/2-1/2"]
[WhiteElo "2565"]
[BlackElo "2460"]
[EventDate "1977.07.29"]
[PlyCount "55"]

1.e4 e5 2.Nf3 d6 3.d4 Nf6 4.Nc3 Nbd7 5.Bc4 Be7 6.O-O O-O 7.Re1 c6 8.a4 Qc7
9.h3 b6 10.Nh4 Re8 11.Nf5 Bf8 12.Bg5 h6 13.Be3 exd4 14.Bxd4 Ne5 15.Ne3 
Nxc4 16.Nxc4 Be6 17.Ne3 Nd7 18.f4 f6 19.Qf3 a6 20.Ne2 b5 21.b3 bxa4 22.
Rxa4 Nb6 23.Raa1 d5 24.exd5 Nxd5 25.c4 Nxe3 26.Bxe3 Bf5 27.Ng3 Bc2 28.Rec1
1/2-1/2

[Event "3rd Tungsram it"]
[Site "Budapest HUN"]
[Date "1977.07.30"]
[Round "2"]
[White "Gipslis, Aivars"]
[Black "Knaak, Rainer"]
[Result "1/2-1/2"]
[WhiteElo "2535"]
[BlackElo "2500"]
[EventDate "1977.07.29"]
[PlyCount "34"]

1.e4 c5 2.Nf3 e6 3.d4 cxd4 4.Nxd4 Nf6 5.Nc3 d6 6.g4 a6 7.g5 Nfd7 8.Bg2 Nc6
9.f4 Qb6 10.Nde2 Be7 11.h4 O-O 12.Rh3 Rd8 13.h5 Nc5 14.a3 d5 15.exd5 exd5 
16.Nxd5 Bxh3 17.Bxh3 Rxd5 1/2-1/2

[Event "3rd Tungsram it"]
[Site "Budapest HUN"]
[Date "1977.07.30"]
[Round "2"]
[White "Schmidt, Wlodzimierz"]
[Black "Gaprindashvili, Nona"]
[Result "1/2-1/2"]
[WhiteElo "2490"]
[BlackElo "2430"]
[EventDate "1977.07.29"]
[PlyCount "111"]

1.e4 c5 2.c3 Nf6 3.e5 Nd5 4.d4 cxd4 5.cxd4 e6 6.Nf3 b6 7.a3 Be7 8.Bd3 f5 
9.exf6 Nxf6 10.Nc3 Bb7 11.O-O O-O 12.Ng5 Qe8 13.Be3 Na6 14.Nb5 h6 15.Nh3 
Nd5 16.Qg4 Nf6 17.Qe2 Nd5 18.Rac1 Qf7 19.Bd2 Bc6 20.Rc2 Nb8 21.Be4 a6 22.
Nc3 Nxc3 23.Rxc3 Bxe4 24.Qxe4 Nc6 25.Nf4 Bg5 26.g3 Qf5 27.Re1 Qxe4 28.Rxe4
d5 29.Rxe6 Nxd4 30.Re1 Rae8 31.Rxe8 Rxe8 32.Rd3 Bxf4 33.gxf4 Nf5 34.Rxd5 
Nh4 35.Be3 Re6 36.Kf1 Kf7 37.Rd7+ Kg6 38.Bd4 Nf5 39.Be5 Kh5 40.Bxg7 Kg4 
41.Be5 Rc6 42.Ke2 Rc2+ 43.Ke1 Kf3 44.Rf7 Nh4 45.Rf6 h5 46.Rxb6 Kg4 47.h3+ 
Kxh3 48.Rb3+ Kg4 49.Rg3+ Kf5 50.Kd1 Rxf2 51.Rg5+ Ke4 52.Rxh5 Kd3 53.Ke1 
Rh2 54.Rh8 Ng2+ 55.Kf2 Rxh8 56.Bxh8 1/2-1/2

[Event "3rd Tungsram it"]
[Site "Budapest HUN"]
[Date "1977.07.31"]
[Round "3"]
[White "Lukacs, Peter"]
[Black "Blackstock, Leslie Steven Fraser"]
[Result "1-0"]
[WhiteElo "2450"]
[BlackElo "2410"]
[EventDate "1977.07.29"]
[PlyCount "51"]

1.d4 Nf6 2.c4 e6 3.Nc3 Bb4 4.e3 O-O 5.Bd3 c5 6.Nf3 d5 7.O-O dxc4 8.Bxc4 
Bd7 9.a3 Bxc3 10.bxc3 Bc6 11.Re1 Nbd7 12.Bd3 Qa5 13.Bb2 cxd4 14.cxd4 Be4 
15.Ne5 Bxd3 16.Nxd7 Nxd7 17.Qxd3 Rac8 18.e4 Nb6 19.d5 exd5 20.Qg3 f6 21.e5
fxe5 22.Rxe5 Qd2 23.Re2 Qh6 24.Re6 g6 25.Qe5 Nd7 26.Qxd5 1-0

[Event "3rd Tungsram it"]
[Site "Budapest HUN"]
[Date "1977.07.31"]
[Round "3"]
[White "Knaak, Rainer"]
[Black "Vadasz, Laszlo"]
[Result "1-0"]
[WhiteElo "2500"]
[BlackElo "2495"]
[EventDate "1977.07.29"]
[PlyCount "82"]

1.d4 g6 2.c4 Bg7 3.Nc3 d6 4.e4 e5 5.Nf3 Nc6 6.dxe5 Nxe5 7.Nxe5 dxe5 8.
Qxd8+ Kxd8 9.Bg5+ f6 10.O-O-O+ Bd7 11.Be2 fxg5 12.Bg4 Nf6 13.Rxd7+ Nxd7 
14.Rd1 h5 15.Rxd7+ Ke8 16.Be6 Bf6 17.Rxc7 Bd8 18.Rxb7 Rf8 19.Nd5 Rxf2 20.
c5 a5 21.c6 Kf8 22.Kd1 Ra6 23.Bd7 Kg8 24.Rb8 Rf8 25.Rxd8 Rxd8 26.c7 Rf8 
27.c8=Q Rxc8 28.Bxc8 Rd6 29.a4 Kg7 30.Bb7 Rd8 31.Ba6 g4 32.Be2 Kh6 33.g3 
g5 34.b4 axb4 35.a5 b3 36.a6 Rc8 37.Bd3 h4 38.Nb6 Rd8 39.a7 Rxd3+ 40.Kc1 
hxg3 41.hxg3 1-0

[Event "3rd Tungsram it"]
[Site "Budapest HUN"]
[Date "1977.07.31"]
[Round "3"]
[White "Ostojic, Predrag"]
[Black "Schmidt, Wlodzimierz"]
[Result "1-0"]
[WhiteElo "2480"]
[BlackElo "2490"]
[EventDate "1977.07.29"]
[PlyCount "63"]

1.d4 Nf6 2.g3 d5 3.Bg2 g6 4.Nf3 Bg7 5.O-O O-O 6.c3 c6 7.h3 Nbd7 8.Be3 Ne4 
9.Qc1 Re8 10.c4 dxc4 11.Qxc4 Nd6 12.Qd3 e5 13.Nfd2 Nf5 14.d5 cxd5 15.Qxd5 
Nxe3 16.fxe3 Qe7 17.Nc3 Nb6 18.Qf3 Be6 19.Qxb7 Qxb7 20.Bxb7 Rad8 21.Nde4 
Bxh3 22.Nf6+ Bxf6 23.Rxf6 Be6 24.b3 Rd2 25.Rff1 Re7 26.Ba6 Rc7 27.Ne4 Rd8 
28.Rac1 Rxc1 29.Rxc1 Bf5 30.Nc5 Rd2 31.a4 Bg4 32.Ne4 1-0

[Event "3rd Tungsram it"]
[Site "Budapest HUN"]
[Date "1977.08.01"]
[Round "4"]
[White "Pinter, Jozsef"]
[Black "Castro Rojas, Oscar Humberto"]
[Result "0-1"]
[WhiteElo "2445"]
[BlackElo "2410"]
[EventDate "1977.07.29"]
[PlyCount "100"]

1.e4 Nc6 2.Nf3 d6 3.d4 Nf6 4.Nc3 g6 5.h3 Bg7 6.Be2 e5 7.dxe5 dxe5 8.Qxd8+ 
Nxd8 9.Be3 O-O 10.O-O-O b6 11.Nxe5 Nxe4 12.Nxe4 Bxe5 13.Bf3 Bb7 14.Rd7 Rb8
15.Rhd1 Ne6 16.Nd2 Bc8 17.Rd3 Kg7 18.Bc6 h6 19.g3 g5 20.h4 Kg6 21.hxg5 
hxg5 22.Rd5 Bd6 23.Nc4 Be7 24.f4 f5 25.Bd7 Bf6 26.fxg5 Bxd7 27.Rxd7 Bxg5 
28.Ne5+ Kf6 29.Bxg5+ Kxg5 30.Nc6 Rbe8 31.Nxa7 Ra8 32.Nb5 Rxa2 33.Kb1 Ra5 
34.Nxc7 Nxc7 35.Rxc7 Rfa8 36.c4 Ra1+ 37.Kc2 Rxd1 38.Kxd1 Ra1+ 39.Kd2 Rg1 
40.Rg7+ Kf6 41.Rg8 Rg2+ 42.Kc1 Ke5 43.Rg6 Kd4 44.Rxb6 Rxg3 45.b3 f4 46.Kb2
f3 47.Rf6 Ke3 48.c5 f2 49.c6 Rg6 50.Rf8 0-1

[Event "3rd Tungsram it"]
[Site "Budapest HUN"]
[Date "1977.08.01"]
[Round "4"]
[White "Blackstock, Leslie Steven Fraser"]
[Black "Ree, Hans"]
[Result "1/2-1/2"]
[WhiteElo "2410"]
[BlackElo "2460"]
[EventDate "1977.07.29"]
[PlyCount "144"]

1.e4 c5 2.Nf3 e6 3.d4 cxd4 4.Nxd4 Nf6 5.Nc3 d6 6.Be2 Be7 7.O-O O-O 8.Be3 
a6 9.f4 Qc7 10.Kh1 b5 11.e5 Ne8 12.Bd3 b4 13.exd6 Nxd6 14.Ne4 Nc4 15.Bc1 
Rd8 16.Nf3 Bb7 17.Qe2 Bd5 18.Neg5 Bxg5 19.Nxg5 h6 20.Ne4 f5 21.Ng3 Nd7 22.
b3 Nd6 23.Bb2 Nc5 24.Qe5 Rd7 25.Rf2 Nde4 26.Bxe4 Qxe5 27.Bxe5 Bxe4 28.h3 
Rad8 29.Kh2 Rd2 30.Raf1 R8d7 31.c3 Rxf2 32.Rxf2 Nd3 33.Nxe4 fxe4 34.Re2 
Nxe5 35.fxe5 bxc3 36.Rxe4 Rc7 37.Re1 c2 38.Rc1 Rc3 39.Kg1 Kf7 40.Kf2 Kg6 
41.Ke1 Kf5 42.Kd2 Rg3 43.Rg1 Kxe5 44.Kxc2 Kd4 45.Rd1+ Kc5 46.Rd2 e5 47.Kd1
e4 48.Ke1 e3 49.Rc2+ Kd4 50.Rc6 Rxg2 51.Rxa6 Kd3 52.Rd6+ Ke4 53.Rd7 g5 54.
a4 Rb2 55.a5 Rxb3 56.a6 Ra3 57.a7 Ra1+ 58.Ke2 Ra2+ 59.Ke1 Kf3 60.Rf7+ Kg3 
61.Rh7 h5 62.Rg7 g4 63.hxg4 h4 64.g5 h3 65.g6 h2 66.Rh7 Rxa7 67.g7 Ra8 68.
Rh6 Rg8 69.Rg6+ Kf3 70.Rf6+ Ke4 71.Re6+ Kf4 72.Rh6 1/2-1/2

[Event "3rd Tungsram it"]
[Site "Budapest HUN"]
[Date "1977.08.01"]
[Round "4"]
[White "Gipslis, Aivars"]
[Black "Csom, Istvan"]
[Result "1-0"]
[WhiteElo "2535"]
[BlackElo "2535"]
[EventDate "1977.07.29"]
[PlyCount "93"]

1.e4 e5 2.Nf3 d6 3.d4 Nd7 4.Bc4 c6 5.O-O Be7 6.dxe5 dxe5 7.Ng5 Bxg5 8.Qh5 
Qe7 9.Bxg5 Ngf6 10.Qe2 h6 11.Bd2 O-O 12.a4 b6 13.f3 Bb7 14.Be3 a6 15.Qf2 
b5 16.Bd3 Ne8 17.Nd2 Nc7 18.Nb3 Ne6 19.Rfd1 Rfd8 20.Bf1 Ndf8 21.Bb6 Rxd1 
22.Rxd1 Nd7 23.Be3 Rd8 24.Qe1 Ndf8 25.Rxd8 Qxd8 26.Na5 Qc7 27.Qc3 Nd7 28.
axb5 axb5 29.Bxb5 cxb5 30.Qxc7 Nxc7 31.Nxb7 Kf8 32.Kf2 Ke7 33.Ke2 Na6 34.
c3 h5 35.Kd3 g6 36.c4 Nc7 37.cxb5 Nxb5 38.Kc4 Nd6+ 39.Nxd6 Kxd6 40.b4 f5 
41.Bc5+ Ke6 42.exf5+ gxf5 43.b5 e4 44.fxe4 fxe4 45.b6 Ke5 46.b7 Kf4 47.Kd4
1-0

[Event "3rd Tungsram it"]
[Site "Budapest HUN"]
[Date "1977.08.01"]
[Round "4"]
[White "Schmidt, Wlodzimierz"]
[Black "Knaak, Rainer"]
[Result "1/2-1/2"]
[WhiteElo "2490"]
[BlackElo "2500"]
[EventDate "1977.07.29"]
[PlyCount "122"]

1.Nf3 g6 2.c4 Bg7 3.d4 d6 4.Nc3 Nd7 5.g3 e5 6.e4 Ngf6 7.Bg2 O-O 8.O-O a6 
9.Re1 exd4 10.Nxd4 Ne5 11.b3 c5 12.Nc2 b5 13.cxb5 Qa5 14.Bb2 Rd8 15.Qe2 
axb5 16.Nxb5 Ba6 17.a4 Ne8 18.Nca3 Qb4 19.Reb1 Nc7 20.f4 Bxb5 21.Nxb5 Nxb5
22.Qxb5 Nf3+ 23.Bxf3 Qxb5 24.axb5 Bxb2 25.Rxa8 Bd4+ 26.Kf1 Rxa8 27.e5 Rd8 
28.exd6 Rxd6 29.Re1 Kf8 30.Bc6 Rd8 31.Re2 h6 32.Ra2 Ke7 33.Ra7+ Ke6 34.Rc7
Rb8 35.Ke2 g5 36.Kf3 gxf4 37.gxf4 Bg1 38.h3 Rd8 39.Be4 Rd6 40.Ke2 Rd4 41.
Bd3 Rxf4 42.Bc4+ Ke5 43.b6 Rf2+ 44.Ke1 Rf6 45.b7 Rb6 46.Rxf7 Bh2 47.Ke2 
Ke4 48.h4 h5 49.Rh7 Kf4 50.Rxh5 Rxb7 51.Kf2 Rg7 52.Bd5 Bg1+ 53.Ke2 Bd4 54.
Kd3 Rg3+ 55.Kc4 Rc3+ 56.Kb5 Rh3 57.Rh7 Bf2 58.h5 Kg5 59.Rf7 Bd4 60.Bf3 Bf6
61.Bd1 Rd3 1/2-1/2

[Event "3rd Tungsram it"]
[Site "Budapest HUN"]
[Date "1977.08.02"]
[Round "5"]
[White "Lukacs, Peter"]
[Black "Filip, Miroslav"]
[Result "1/2-1/2"]
[WhiteElo "2450"]
[BlackElo "2500"]
[EventDate "1977.07.29"]
[PlyCount "31"]

1.d4 Nf6 2.c4 e6 3.Nc3 Bb4 4.e3 O-O 5.Bd3 d5 6.Nf3 c5 7.O-O Nc6 8.a3 Bxc3 
9.bxc3 Qc7 10.cxd5 exd5 11.Nh4 Ne7 12.g3 Bh3 13.Re1 Qd7 14.f3 Ng6 15.Ng2 
Bf5 16.a4 1/2-1/2

[Event "3rd Tungsram it"]
[Site "Budapest HUN"]
[Date "1977.08.02"]
[Round "5"]
[White "Castro Rojas, Oscar Humberto"]
[Black "Gipslis, Aivars"]
[Result "0-1"]
[WhiteElo "2410"]
[BlackElo "2535"]
[EventDate "1977.07.29"]
[PlyCount "78"]

1.b3 e5 2.Bb2 Nc6 3.g3 d5 4.Bg2 Nf6 5.d3 Bc5 6.e3 Bg4 7.Qc1 O-O 8.a3 a5 9.
h3 Be6 10.Nd2 Nd7 11.Ne2 Bb6 12.O-O Qc8 13.d4 exd4 14.exd4 Nf6 15.Kh2 Rd8 
16.Nf3 a4 17.b4 Ne7 18.Ne5 c6 19.Re1 Nf5 20.g4 Nh4 21.Bh1 Ne4 22.Qe3 Re8 
23.f3 Nd6 24.Qf2 Ng6 25.Nd3 Qc7 26.Ng3 f5 27.Bc1 Bd7 28.Bf4 Nxf4 29.Nxf4 
Nb5 30.Rxe8+ Rxe8 31.Nfe2 Qd6 32.g5 f4 33.Nh5 Qg6 34.Nexf4 Bc7 35.Qg3 
Qxc2+ 36.Bg2 Nxd4 37.Kh1 Ne2 38.Qh4 Nxf4 39.Nxf4 Qc4 0-1

[Event "3rd Tungsram it"]
[Site "Budapest HUN"]
[Date "1977.08.02"]
[Round "5"]
[White "Ostojic, Predrag"]
[Black "Rajna, Gyorgy"]
[Result "1/2-1/2"]
[WhiteElo "2480"]
[BlackElo "2395"]
[EventDate "1977.07.29"]
[PlyCount "114"]

1.e4 e5 2.Nf3 Nc6 3.Bb5 a6 4.Ba4 Nf6 5.O-O Be7 6.Re1 b5 7.Bb3 d6 8.c3 O-O 
9.h3 Na5 10.Bc2 c5 11.d4 Qc7 12.Nbd2 cxd4 13.cxd4 Bd7 14.Nf1 Rac8 15.Ne3 
Rfe8 16.b3 Nc6 17.Ba3 Qa7 18.dxe5 dxe5 19.Bxe7 Rxe7 20.Nd5 Nxd5 21.exd5 
Nb4 22.Bb1 Qc5 23.Rxe5 Rce8 24.Bxh7+ Kxh7 25.Ng5+ Kg6 26.Ne4 Rxe5 27.Nxc5 
Rxd5 28.Nxd7 Rxd1+ 29.Rxd1 Nxa2 30.Rd6+ f6 31.Rxa6 Nc1 32.Nc5 Re1+ 33.Kh2 
Re2 34.Ra1 Rc2 35.b4 Na2 36.Nd3 Rd2 37.Nf4+ Kf5 38.Nh5 Kg6 39.Nf4+ Kf5 40.
Kg3 g5 41.Nd5 Rxd5 42.Rxa2 Rd3+ 43.f3 Rb3 44.h4 gxh4+ 45.Kxh4 Kf4 46.Ra6 
Ke5 47.g4 f5 48.f4+ Kxf4 49.Rf6 Rxb4 50.Rxf5+ Ke3 51.Kg5 Rb1 52.Kf6 b4 53.
g5 Kd2 54.Rf2+ Kc3 55.Rf3+ Kc2 56.Rf2+ Kc3 57.Rf3+ 1/2-1/2

[Event "3rd Tungsram it"]
[Site "Budapest HUN"]
[Date "1977.08.02"]
[Round "5"]
[White "Ornstein, Axel"]
[Black "Schmidt, Wlodzimierz"]
[Result "1-0"]
[WhiteElo "2440"]
[BlackElo "2490"]
[EventDate "1977.07.29"]
[PlyCount "77"]

1.c4 g6 2.d4 Nf6 3.g3 Bg7 4.Bg2 O-O 5.Nc3 c5 6.e3 d6 7.Nge2 Nc6 8.O-O Bg4 
9.h3 Bd7 10.b3 a6 11.Bb2 Rb8 12.Qd2 cxd4 13.exd4 b5 14.cxb5 axb5 15.d5 Na7
16.Nd4 Qb6 17.Rfe1 Rfe8 18.a3 Qb7 19.Re2 Rbc8 20.Rae1 Kf8 21.Na2 Nxd5 22.
Nb4 e6 23.Nxe6+ fxe6 24.Nxd5 Bxb2 25.Qxb2 e5 26.Nf6 Bc6 27.Nxe8 Rxe8 28.
Qd2 Bxg2 29.Qxd6+ Kf7 30.Rc1 Nc6 31.f3 Re6 32.Qd5 Bxh3 33.Kh2 Bf5 34.g4 
Kf6 35.gxf5 gxf5 36.Rxe5 Rxe5 37.Rxc6+ Kg5 38.Qd2+ f4 39.Qg2+ 1-0

[Event "3rd Tungsram it"]
[Site "Budapest HUN"]
[Date "1977.08.??"]
[Round "6"]
[White "Gipslis, Aivars"]
[Black "Spasov, Luben"]
[Result "1/2-1/2"]
[WhiteElo "2535"]
[BlackElo "2480"]
[EventDate "1977.07.29"]
[PlyCount "56"]

1.e4 c5 2.Nf3 d6 3.d4 cxd4 4.Nxd4 Nf6 5.Nc3 Nc6 6.Be3 Ng4 7.Bb5 Nxe3 8.
fxe3 Bd7 9.O-O e6 10.Bxc6 bxc6 11.e5 Be7 12.exd6 Bxd6 13.Qh5 O-O 14.Ne4 
Be7 15.Rad1 Qc7 16.Ng5 Bxg5 17.Qxg5 e5 18.Nb3 f6 19.Qg3 Be6 20.Nc5 Qe7 21.
b4 Rad8 22.a3 Bc4 23.Rfe1 a5 24.Qg4 Bf7 25.h3 axb4 26.axb4 h6 27.Kh2 Bd5 
28.e4 1/2-1/2

[Event "3rd Tungsram it"]
[Site "Budapest HUN"]
[Date "1977.08.??"]
[Round "6"]
[White "Blackstock, Leslie Steven Fraser"]
[Black "Ostojic, Predrag"]
[Result "0-1"]
[WhiteElo "2410"]
[BlackElo "2480"]
[EventDate "1977.07.29"]
[PlyCount "82"]

1.e4 c5 2.Nf3 d6 3.d4 cxd4 4.Nxd4 Nf6 5.Nc3 a6 6.Bg5 Nc6 7.Qd2 e6 8.O-O-O 
Bd7 9.f4 b5 10.Bxf6 gxf6 11.Kb1 Qb6 12.Nf3 b4 13.Ne2 Qf2 14.Ne1 a5 15.Nd3 
Qb6 16.g3 Na7 17.c4 Bc6 18.Bg2 f5 19.c5 Qb7 20.cxd6 Bxd6 21.Ne5 Bxe4+ 22.
Bxe4 Qxe4+ 23.Ka1 Rd8 24.Rhe1 O-O 25.Nd4 Qb7 26.g4 Bc5 27.Qf2 f6 28.Nef3 
fxg4 29.Qg3 f5 30.h3 Nb5 31.Nxe6 Rxd1+ 32.Rxd1 Qxf3 33.Qxf3 gxf3 34.Nxc5 
Rc8 35.Nd3 Rc2 36.Kb1 Nd4 37.Rf1 Rh2 38.Kc1 h5 39.Ne5 b3 40.axb3 Nxb3+ 41.
Kd1 Nd2 0-1

[Event "3rd Tungsram it"]
[Site "Budapest HUN"]
[Date "1977.08.??"]
[Round "6"]
[White "Rajna, Gyorgy"]
[Black "Knaak, Rainer"]
[Result "1-0"]
[WhiteElo "2395"]
[BlackElo "2500"]
[EventDate "1977.07.29"]
[PlyCount "80"]

1.d4 Nf6 2.Nf3 g6 3.c4 d6 4.Nc3 Bg7 5.g3 O-O 6.Bg2 Nbd7 7.O-O e5 8.Qc2 Re8
9.Rd1 e4 10.Ng5 e3 11.fxe3 Ng4 12.e4 c5 13.dxc5 Qc7 14.Rd5 dxc5 15.Nb5 Qb6
16.Bf4 Be5 17.Rad1 Qf6 18.Rf1 Qe7 19.Nxf7 Bxf4 20.Rxf4 Ndf6 21.Nbd6 Rf8 
22.Qc3 Be6 23.Rxg4 Rxf7 24.Nxf7 Nxg4 25.Qh8+ Kxf7 26.Qxa8 Bxd5 27.cxd5 c4 
28.Qc8 Ne5 29.Bh3 Kg7 30.Kg2 Kh6 31.Qb8 Nf7 32.Qf4+ g5 33.Qe3 Qe5 34.Bf5 
Kg7 35.Qc3 Qxc3 36.bxc3 Nd6 37.Kf3 Kf6 38.Bxh7 Nb5 39.Ke3 Nxc3 40.Kd4 Nxa2
1-0

[Event "3rd Tungsram it"]
[Site "Budapest HUN"]
[Date "1977.08.??"]
[Round "6"]
[White "Sax, Gyula"]
[Black "Ornstein, Axel"]
[Result "1/2-1/2"]
[WhiteElo "2565"]
[BlackElo "2440"]
[EventDate "1977.07.29"]
[PlyCount "90"]

1.e4 e6 2.d4 d5 3.Nc3 Be7 4.Bd3 Nc6 5.Nf3 Nb4 6.Bb5+ c6 7.Be2 dxe4 8.Nxe4 
Nf6 9.Nxf6+ Bxf6 10.c3 Nd5 11.O-O O-O 12.Re1 Qc7 13.Nd2 e5 14.Ne4 Be7 15.
dxe5 Qxe5 16.Bd3 Nf4 17.Ng3 Nxd3 18.Rxe5 Nxe5 19.Qe2 Ng6 20.Be3 Re8 21.Bc5
Bg4 22.Qxg4 Bxc5 23.Ne4 Bb6 24.h4 h5 25.Qe2 Re7 26.Qc2 Rae8 27.Ng3 Nxh4 
28.Rd1 Ng6 29.Nxh5 Re2 30.Rd2 Re1+ 31.Kh2 R8e4 32.g3 Ne5 33.Kg2 Nc4 34.Rd4
Bxd4 35.cxd4 Nb6 36.Qc5 Nd5 37.Qxa7 Re7 38.Qb8+ Kh7 39.Qf8 f6 40.Kf3 Kg6 
41.g4 R1e4 42.Qh8 Rxd4 43.Kg3 Rd3+ 44.f3 Rd2 45.Qf8 Kh7 1/2-1/2

[Event "3rd Tungsram it"]
[Site "Budapest HUN"]
[Date "1977.08.??"]
[Round "7"]
[White "Spasov, Luben"]
[Black "Vadasz, Laszlo"]
[Result "1/2-1/2"]
[WhiteElo "2480"]
[BlackElo "2495"]
[EventDate "1977.07.29"]
[PlyCount "34"]

1.d4 Nf6 2.Nf3 g6 3.c4 Bg7 4.Nc3 d5 5.Bg5 Ne4 6.cxd5 Nxg5 7.Nxg5 c6 8.Nf3 
cxd5 9.e3 O-O 10.Be2 Nc6 11.O-O e6 12.Rc1 Bd7 13.a3 Qe7 14.b4 Rfd8 15.Qb3 
Be8 16.Rfd1 Rac8 17.Na4 1/2-1/2